000 01093nam a22003137a 4500
005 20250618140005.0
008 250618t ||||| |||| 00| 0 spa d
020 _a9789587147254
040 _aCO-BoUCM
_cDavid Moreno
_dDavid Moreno
041 _aspa
100 1 _aVelez Caicedo, Ana Cristina
_9185975
245 1 4 _aLos invisibles de lo visible
_bLa imagen explicada
_cAna Cristina Velez Caicedo
250 _a1a.Ed
260 _aMedellin, Colombia
_bEditorial Universidad de Antioquia
_c2017
504 _aIncluye referencias bibliográficas e índices
650 1 4 _aPercepcion visual
_921296
650 1 4 _aComunicacion visual
_911390
650 1 4 _975
_aRepresentacion visual
650 1 4 _aTextura visual
_9185976
650 1 4 _aComposicion visual
_9185977
650 1 4 _aIlusiones opticas
_9185978
650 1 4 _aImagen en el arte
_9185979
650 1 4 _aFormacion de imagenes
_9185980
650 1 4 _aLuz y sombra
_9185981
650 1 4 _aColor
_911149
653 _aImagen y significado
942 _2DEWEY
_a17
_cLIBRO
_e1
_h701.15
_mV436i
_n0
999 _c325512
_d325512